000 01434nam a2200349 a 4500
001 ebr10521979
003 CaPaEBR
006 m u
007 cr cn|||||||||
008 110623s2012 nyuad sb 001 0 eng d
010 _z 2011026467
020 _z9780814417713 (hbk. : alk. paper)
020 _z081441771X (hbk. : alk. paper)
020 _z9780814417720 (e-book)
040 _aCaPaEBR
_cCaPaEBR
035 _a(OCoLC)768121191
050 1 4 _aHD38.5
_b.B64 2012eb
082 0 4 _a658.7
_223
100 1 _aBolstorff, Peter.
245 1 0 _aSupply chain excellence
_h[electronic resource] :
_ba handbook for dramatic improvement using the SCOR model /
_cPeter Bolstorff and Robert Rosenbaum.
250 _a3rd ed.
260 _aNew York :
_bAmerican Management Association,
_c2012.
300 _axviii, 284 p. :
_bill.
500 _a"Adapted for use with SAP and Global Projects"--Cover.
504 _aIncludes bibliographical references and index.
533 _aElectronic reproduction.
_bPalo Alto, Calif. :
_cebrary,
_d2012.
_nAvailable via World Wide Web.
_nAccess may be limited to ebrary affiliated libraries.
650 0 _aBusiness logistics
_xManagement.
655 7 _aElectronic books.
_2local
700 1 _aRosenbaum, Robert
_q(Robert G.)
710 2 _aebrary, Inc.
856 4 0 _uhttp://site.ebrary.com/lib/rucke/Doc?id=10521979
_zAn electronic book accessible through the World Wide Web; click to view
999 _c238328
_d238328